00712nam a22002057a 45000010008000000030009000080050017000170070008000340080034000420200019000760400022000951000017001172400037001342450130001712600047003013000028003485000069003767000029004457000032004740003697DO-SdBNP20180403102014.00003697160601b 2007 sp | 00| 0 spa d a 9788478719174 aBPMSUbspacBPMSU1 aCastle, Kate10aMy first ballet booklEspañol.10aMi primer libro de ballet /cKate Castle ; directora del ballet Anna du Boisson ; [de la traducción, Ana Duesa Esmendía]. aBarcelona : bMolino : RBA Libros, c2007. a48 p. : bil. ; c28 cm a"Desde barras y zapatillas hasta pliés y actuaciones"--Cover. 12aBoisson, Anna du, edir.12aDuesa Esmendía, Ana,etr.